| 000 | 00705nam a2200229 4500 | ||
|---|---|---|---|
| 003 | OSt | ||
| 005 | 20240719035451.0 | ||
| 006 | a | ||
| 008 | 240719b |||||||| |||| 00| 0 eng d | ||
| 020 | _a0415307155 | ||
| 040 |
_aDWCL-Main lib. _cOC |
||
| 082 | _aCirc. 378.12 C539u 2004 | ||
| 100 | _aChin, Paul | ||
| 245 | _aUsing C & IT to support teaching / | ||
| 260 |
_aLondon: _bRouteledgeFalmer, _cc2004. |
||
| 300 |
_axiv, _b173 p. : ill. ; _c22 cm. |
||
| 504 | _aIncludes index. | ||
| 650 | _a1. Education, Higher-Effect of technological innovations on. | ||
| 650 | _a2. College teaching-Computer network resources. | ||
| 650 | _a3. Information technology. | ||
| 942 |
_2ddc _n0 _cBK-CIRC _kCirc. |
||
| 999 |
_c2427 _d2427 |
||